The works of Oscar Wilde
Guardado en:
| Hovedforfatter: | |
|---|---|
| Format: | Bog |
| Sprog: | Undetermined |
| Udgivet: |
New York, Estados Unidos
Black's Readers Service Company
1927
|
| Fag: | |
| Tags: |
Tilføj Tag
Ingen Tags, Vær først til at tagge denne postø!
|
MARC
| LEADER | 00000nam a2200000Ia 4500 | ||
|---|---|---|---|
| 008 | 170316s9999 xx 000 0 und d | ||
| 040 | |a cru BVZT | ||
| 090 | |a 820 W-8w | ||
| 100 | |a Wilde, Oscar | ||
| 245 | 4 | |a The works of Oscar Wilde | |
| 260 | |a New York, Estados Unidos | ||
| 260 | |b Black's Readers Service Company | ||
| 260 | |c 1927 | ||
| 300 | |a 620 páginas | ||
| 650 | |a LITERATURA INGLESA | ||
| 999 | |c 7277 |d 7277 | ||
| 942 | |c 15 D |h 820 W-8w |2 z | ||
